[Event "Ferrol op 32th"]
[Site "Ferrol"]
[Date "2017.07.21"]
[Round "6"]
[White "Seoane Castilla, Raul"]
[Black "Seoane Castilla, David"]
[Result "0-1"]
[WhiteElo "1095"]
[BlackElo "1708"]
[PlyCount "94"]
[EventDate "2017.07.16"]
[EventType "swiss"]
[EventRounds "9"]
[EventCountry "ESP"]
[SourceTitle "EXT 2024"]
[Source "ChessBase"]
[SourceDate "2023.10.10"]
[SourceVersion "1"]
[SourceVersionDate "2023.10.10"]
[SourceQuality "1"]

1. e4 c5 2. Nf3 e6 3. d4 cxd4 4. Nxd4 a6 5. Nc3 Qc7 6. Bd3 Nf6 7. 0-0 Be7 8. Kh1 0-0 9. f4 d6 10. Qf3 b5 11. Re1 Bb7 12. Qh3 Nbd7 13. Nf3 e5 14. f5 Rfe8 15. Ng1 Nc5 16. Bg5 Nfxe4 17. Bxe4 Bxg5 18. Bxb7 Qxb7 19. Qh5 Bd2 20. Re2 Bxc3 21. bxc3 Nd7 22. Re3 Nf6 23. Qg5 h6 24. Qh4 Kh8 25. Nf3 Nh7 26. Ng1 f6 27. Rg3 Rac8 28. Qb4 Qd7 29. Rd1 Rc6 30. Rgd3 Rd8 31. Nf3 Qc7 32. Qb3 e4 33. Nd4 exd3 34. Nxc6 dxc2 35. Qxc2 Qxc6 36. h3 Ng5 37. Qe2 Nxh3 38. Kh2 Ng5 39. Qe7 Qd7 40. Qe3 Qxf5 41. Qb6 Rc8 42. Qxd6 Rxc3 43. Qb4 Qe5+ 44. Kh1 Rc4 45. Qb1 Rh4+ 46. Kg1 Qe3+ 47. Kf1 Rf4# 0-1

[Event "Gallego-ch U18"]
[Site "Viveiro"]
[Date "2017.02.26"]
[Round "3"]
[White "Seoane Castilla, David"]
[Black "Fraga Bouza, Jorge"]
[Result "1-0"]
[WhiteElo "1655"]
[BlackElo "1342"]
[PlyCount "85"]
[EventDate "2017.02.25"]
[EventType "swiss"]
[EventRounds "8"]
[EventCountry "ESP"]
[SourceTitle "EXT 2024"]
[Source "ChessBase"]
[SourceDate "2023.10.10"]
[SourceVersion "1"]
[SourceVersionDate "2023.10.10"]
[SourceQuality "1"]

1. e4 e5 2. Nf3 Nc6 3. Bc4 Bc5 4. c3 Nf6 5. d3 0-0 6. Bg5 h6 7. Bh4 Be7 8. Nbd2 d6 9. Bb3 Be6 10. Bc2 Nd7 11. Bg3 f5 12. exf5 Bxf5 13. h3 Qe8 14. Qe2 Qg6 15. 0-0-0 Rae8 16. Rhe1 Nb6 17. Nf1 Bg5+ 18. Nxg5 Qxg5+ 19. Kb1 Bg6 20. Bh2 Qxg2 21. Bg3 Qxh3 22. Qd2 Ne7 23. Ne3 Qd7 24. Rh1 Nf5 25. Nxf5 Qxf5 26. Rdg1 Re7 27. Rh2 Nd5 28. Rhg2 Kf7 29. Bh2 Re6 30. c4 Nf4 31. Bxf4 Qxf4 32. Qe2 Qf5 33. Qe1 a6 34. Qb4 b6 35. Qa4 a5 36. Qd7+ Re7 37. Qc6 Rh8 38. Qd5+ Kf6 39. Rxg6+ Qxg6 40. Rxg6+ Kxg6 41. d4+ Kf6 42. Qf3+ Ke6 43. Qf5# 1-0

[Event "Gallego-ch U18"]
[Site "Viveiro"]
[Date "2017.02.25"]
[Round "1"]
[White "Seoane Castilla, David"]
[Black "Chao Vale, Fernando"]
[Result "0-1"]
[WhiteElo "1655"]
[BlackElo "2167"]
[PlyCount "82"]
[EventDate "2017.02.25"]
[EventType "swiss"]
[EventRounds "8"]
[EventCountry "ESP"]
[SourceTitle "EXT 2024"]
[Source "ChessBase"]
[SourceDate "2023.10.10"]
[SourceVersion "1"]
[SourceVersionDate "2023.10.10"]
[SourceQuality "1"]

1. e4 c5 2. Nf3 d6 3. c3 Nf6 4. Be2 Nc6 5. d4 cxd4 6. cxd4 g6 7. Nc3 Bg7 8. 0-0 0-0 9. Be3 a6 10. Qd2 Bd7 11. Bh6 b5 12. a3 Na5 13. Bxg7 Kxg7 14. Qg5 Rc8 15. e5 Ne8 16. Qg3 Nc4 17. Bxc4 Rxc4 18. Rad1 f6 19. h4 fxe5 20. h5 exd4 21. Nxd4 e5 22. Nde2 Rg4 23. Qe3 gxh5 24. Ne4 Qe7 25. N2c3 Bc6 26. f3 Rg6 27. Nd5 Qb7 28. Nxd6 Rxd6 29. Qxe5+ Kf7 30. Qxh5+ Kg8 31. Qg5+ Kh8 32. Ne7 Rxd1 33. Qe5+ Nf6 34. Rxd1 Qb6+ 35. Kh1 Be8 36. Rd6 Qf2 37. Rxa6 Qh4+ 38. Kg1 Qh5 39. Qd4 Qf7 40. Nd5 Qxd5 41. Rxf6 Qxd4+ 0-1

[Event "Ferrol op 31th"]
[Site "Ferrol"]
[Date "2016.07.22"]
[Round "5"]
[White "Seoane Castilla, David"]
[Black "Grana Castanal, Andres"]
[Result "0-1"]
[WhiteElo "1582"]
[BlackElo "1837"]
[PlyCount "108"]
[EventDate "2016.07.18"]
[EventType "swiss"]
[EventRounds "9"]
[EventCountry "ESP"]
[SourceTitle "EXT 2024"]
[Source "ChessBase"]
[SourceDate "2023.10.10"]
[SourceVersion "1"]
[SourceVersionDate "2023.10.10"]
[SourceQuality "1"]

1. e4 e6 2. d3 Nc6 3. Nf3 d5 4. Nbd2 Nf6 5. c3 e5 6. Qc2 Bd6 7. Be2 Ne7 8. 0-0 c6 9. Re1 Ng6 10. Nf1 0-0 11. Ng3 Bc7 12. Bg5 h6 13. Be3 Re8 14. Rad1 Bb6 15. Bxb6 Qxb6 16. h3 Be6 17. b3 Rad8 18. d4 dxe4 19. Nxe5 Nxe5 20. dxe5 Nd7 21. Qxe4 Bd5 22. Qf4 Nxe5 23. c4 Ng6 24. Qc1 Be6 25. Bd3 Nf8 26. Bb1 Qa5 27. Rxd8 Rxd8 28. Rd1 Rxd1+ 29. Qxd1 Qe5 30. Bd3 c5 31. Qb1 Qd4 32. Ne2 Qd6 33. Ng3 b6 34. Qd1 Qe5 35. Bb1 g6 36. Qe2 Nd7 37. Qxe5 Nxe5 38. Ne2 Kf8 39. f4 Nc6 40. Kf2 Ke7 41. Ke3 Kd6 42. g4 g5 43. f5 Bd7 44. a3 Ke5 45. Be4 Nd4 46. Nc1 Kd6 47. Bd5 f6 48. Kd3 Ke5 49. Bg2 Kf4 50. Ne2+ Nxe2 51. Kxe2 Kg3 52. Kf1 b5 53. cxb5 Bxb5+ 54. Kg1 Bd3 0-1

[Event "Ferrol op 31th"]
[Site "Ferrol"]
[Date "2016.07.18"]
[Round "1"]
[White "Seoane Castilla, David"]
[Black "Sanchez Aller, Fernando"]
[Result "0-1"]
[WhiteElo "1582"]
[BlackElo "2281"]
[PlyCount "40"]
[EventDate "2016.07.18"]
[EventType "swiss"]
[EventRounds "9"]
[EventCountry "ESP"]
[SourceTitle "EXT 2024"]
[Source "ChessBase"]
[SourceDate "2023.10.10"]
[SourceVersion "1"]
[SourceVersionDate "2023.10.10"]
[SourceQuality "1"]

1. e4 e5 2. Nf3 Nc6 3. Bc4 Nf6 4. d3 Bc5 5. c3 a6 6. Bb3 Ba7 7. Nbd2 Ng4 8. 0-0 d6 9. h3 h5 10. Nc4 Qf6 11. Qe2 Be6 12. Ng5 0-0-0 13. Nxe6 fxe6 14. hxg4 hxg4 15. Qxg4 Rh4 16. Qg5 Rdh8 17. g4 Rh1+ 18. Kg2 R8h2+ 19. Kg3 Bxf2+ 20. Rxf2 Qxf2# 0-1

[Event "Galego-ch U14"]
[Site "Viveiro"]
[Date "2016.02.09"]
[Round "8.4"]
[White "Fernandez Lopez, Pablo II"]
[Black "Seoane Castilla, David"]
[Result "1-0"]
[WhiteElo "1627"]
[BlackElo "1634"]
[PlyCount "63"]
[EventDate "2016.02.06"]
[EventType "swiss"]
[EventRounds "8"]
[EventCountry "ESP"]
[SourceTitle "EXT 2024"]
[Source "ChessBase"]
[SourceDate "2023.10.10"]
[SourceVersion "1"]
[SourceVersionDate "2023.10.10"]
[SourceQuality "1"]

1. e4 c5 2. d3 e6 3. g3 a6 4. Nf3 b5 5. Bg2 Bb7 6. 0-0 Nc6 7. Re1 Be7 8. c3 Nf6 9. d4 0-0 10. a3 cxd4 11. cxd4 d6 12. Nc3 e5 13. Nd5 Nxd5 14. exd5 Nxd4 15. Nxd4 exd4 16. Qxd4 Bf6 17. Qb4 Be5 18. Bf4 Bxf4 19. Qxf4 Rc8 20. Rac1 Rxc1 21. Rxc1 Re8 22. Qd4 g6 23. h3 Re5 24. Bf3 Qf6 25. Kg2 Qg5 26. Rd1 h5 27. h4 Qf5 28. Qd3 Qd7 29. Qd4 Qf5 30. Qa7 Bxd5 31. Bxd5 Rxd5 32. Qa8+ 1-0

[Event "Galego-ch U14"]
[Site "Viveiro"]
[Date "2016.02.07"]
[Round "4.8"]
[White "Quintas Fernandez, Paula"]
[Black "Seoane Castilla, David"]
[Result "0-1"]
[WhiteElo "1316"]
[BlackElo "1634"]
[PlyCount "150"]
[EventDate "2016.02.06"]
[EventType "swiss"]
[EventRounds "8"]
[EventCountry "ESP"]
[SourceTitle "EXT 2024"]
[Source "ChessBase"]
[SourceDate "2023.10.10"]
[SourceVersion "1"]
[SourceVersionDate "2023.10.10"]
[SourceQuality "1"]

1. e4 c5 2. Nf3 e6 3. Nc3 a6 4. g3 b5 5. d4 cxd4 6. Nxd4 Bb7 7. Bg2 Nf6 8. 0-0 b4 9. e5 Bxg2 10. Kxg2 bxc3 11. exf6 Qxf6 12. bxc3 d5 13. Qf3 Nd7 14. Qxf6 Nxf6 15. Rb1 Ne4 16. Ne2 Be7 17. f3 Nd6 18. Re1 Nc4 19. Nf4 0-0 20. h4 h6 21. h5 Bf6 22. Ne2 Rfc8 23. f4 Nd6 24. Rb3 Ne4 25. Bb2 Nc5 26. Rb6 Na4 27. Rb3 Nxb2 28. Rxb2 Bxc3 29. Nxc3 Rxc3 30. Kh3 a5 31. Rc1 Rac8 32. Rb5 R3c5 33. Rxc5 Rxc5 34. Kg2 Rb5 35. c3 Rb2+ 36. Kf3 Rxa2 37. g4 Ra3 38. Ke3 Rb3 39. Kd4 a4 40. Ra1 a3 41. Kd3 Kh7 42. Kc2 Rb2+ 43. Kc1 Rg2 44. Rxa3 Rxg4 45. Ra4 e5 46. Ra5 exf4 47. Rxd5 f3 48. Rf5 Kg8 49. Rxf3 g6 50. hxg6 fxg6 51. Kb2 h5 52. Kb3 h4 53. Rh3 g5 54. Kc2 Rg3 55. Rh1 h3 56. Kd2 g4 57. c4 Kf8 58. c5 Ke8 59. Rc1 Kd8 60. Ke2 Kc7 61. Rh1 Rg2+ 62. Kf1 Ra2 63. Kg1 Ra1+ 64. Kh2 Rxh1+ 65. Kxh1 Kc6 66. Kh2 Kxc5 67. Kg3 Kd4 68. Kh2 Ke3 69. Kg3 Ke2 70. Kh2 Kf2 71. Kh1 h2 72. Kxh2 g3+ 73. Kh1 g2+ 74. Kh2 g1Q+ 75. Kh3 Qg3# 0-1

[Event "Galego-ch U14"]
[Site "Viveiro"]
[Date "2016.02.07"]
[Round "3"]
[White "Seoane Castilla, David"]
[Black "Vazquez Gomez, Marcos"]
[Result "1-0"]
[WhiteElo "1634"]
[BlackElo "1262"]
[PlyCount "105"]
[EventDate "2016.02.06"]
[EventType "swiss"]
[EventRounds "8"]
[EventCountry "ESP"]
[SourceTitle "EXT 2024"]
[Source "ChessBase"]
[SourceDate "2023.10.10"]
[SourceVersion "1"]
[SourceVersionDate "2023.10.10"]
[SourceQuality "1"]

1. e4 e6 2. d3 a6 3. Nf3 b5 4. Nbd2 Bb7 5. c3 Nf6 6. Be2 c5 7. e5 Nd5 8. d4 c4 9. Nf1 Be7 10. Ng3 0-0 11. Qd2 h6 12. Nh5 Bg5 13. Nxg5 Qxg5 14. Qxg5 hxg5 15. Bxg5 Nc6 16. h4 Nce7 17. Ng3 Ng6 18. Nh5 a5 19. Bd2 Rac8 20. Rc1 Nde7 21. Kf1 Nf5 22. Bg5 Kh7 23. Nf4 Nxf4 24. Bxf4 Rh8 25. h5 Kg8 26. f3 g5 27. Bh2 Rxh5 28. g4 Ne3+ 29. Kf2 Nxg4+ 30. fxg4 Rh3 31. Bf1 Rf3+ 32. Ke2 Rd3 33. Rg1 Kg7 34. Bg2 Rh8 35. Bxb7 Rxh2+ 36. Rg2 Rhh3 37. Rd1 Rhe3+ 38. Kf2 Rh3 39. Rxd3 cxd3 40. Ke1 f6 41. Kd2 Kg6 42. exf6 Kxf6 43. Be4 d5 44. Bxd3 b4 45. c4 Rf3 46. c5 Ke7 47. Rh2 Rf4 48. Rh7+ Rf7 49. Rxf7+ Kxf7 50. Bb5 Ke7 51. Kc2 Kd8 52. Kb3 Kc7 53. Ka4 1-0

[Event "Galego-ch U14"]
[Site "Viveiro"]
[Date "2016.02.06"]
[Round "2"]
[White "Portela Peleteiro, Pablo"]
[Black "Seoane Castilla, David"]
[Result "1-0"]
[WhiteElo "1352"]
[BlackElo "1634"]
[PlyCount "51"]
[EventDate "2016.02.06"]
[EventType "swiss"]
[EventRounds "8"]
[EventCountry "ESP"]
[SourceTitle "EXT 2024"]
[Source "ChessBase"]
[SourceDate "2023.10.10"]
[SourceVersion "1"]
[SourceVersionDate "2023.10.10"]
[SourceQuality "1"]

1. e4 c5 2. c3 e6 3. Nf3 d5 4. exd5 Qxd5 5. d4 cxd4 6. cxd4 Nf6 7. Nc3 Bb4 8. Qa4+ Nc6 9. Bb5 Bxc3+ 10. bxc3 Qe4+ 11. Be3 Bd7 12. 0-0 0-0 13. Rfe1 Qg4 14. Qc2 a6 15. Be2 Qg6 16. Bd3 Qh5 17. Be2 Qa5 18. Bd3 h6 19. Qd2 Nd5 20. Bxh6 Qxc3 21. Qg5 g6 22. Bxg6 Kh8 23. Bg7+ Kg8 24. Bh7+ Kxh7 25. Qh6+ Kg8 26. Qh8# 1-0